000 00422nam a2200181Ia 4500
001 23618
005 20260414150949.0
008 260414t2005||||xx |||||||||||||| ||spa||
041 _aESP
082 _a670.42
_bZ32
100 _aZandin, Kjell B.
_eAUT
245 0 _aMaynard manual del ingeniero industrial
_b
260 _c2005
300 _a
_c24 cm.
650 _aTCA
654 _aCII
942 _cLIB
_dJUS
_fJUS
_2ddc
_n
999 _c23618
_d23618